000 00587nam a2200241Ia 4500
003 OSt
005 20220918213308.0
006 a|||||r|||| 00| 0
007 ta
008 220917b |||||||| |||| 00| 0 eng d
024 _a131,997
037 _cTextual
040 _aARTS
_cARTS
_beng
041 _2eng
_aeng
082 _aX:74, J31
100 _aBratt Elmer Clark
_9126336
245 0 _aBusiness cycles and forecasting
250 _a4th
260 _c1953
650 _aECONOMICS
942 _hX:74, J31
_cTEXL
_2CC
999 _c255119
_d255119